000 00477nam a2200193Ia 4500
008 151121s9999||||xx |||||||||||||| ||und||
082 _a804/PAN
082 _bHNW-56855
100 _aAiyar S।Duraiswamy
245 _aMaster and diciple
260 _bDipti Publication।
260 _c--
300 _a16
600 _aAiyar S।Duraiswamy
630 _aMaster and diciple
700 _aAiyar S।Duraiswamy
730 _aMaster and diciple
942 _cBOOK
999 _c1239239
_d1239236